000 00763nam a2200253Ia 4500
003 OSt
005 20220923215204.0
006 a|||||r|||| 00| 0
007 ta
008 220922b |||||||| |||| 00| 0 hin d
024 _a176,435
037 _cTextual
040 _aARTS
_cARTS
_bhin
041 _2hin
_ahin
082 _aO152,1:g, N2
100 _aदिविक, रमेश
245 0 _aकविता के बीच से
246 _aKavitā ke bīch se
260 _aनयी दिल्ली
_b किताबघर
_c1992
300 _a128 पृ.
_ccm.
650 _aहिन्दी साहित्य
_9156264
942 _hO152,1:g, N2
_cTEXL
_2CC
999 _c329985
_d329985